00508nam a2200193Ia 4500999001700000003000400017005001700021008004100038020001500079040001800094082001900112100002500131245004700156260003200203300000700235650001000242700001800252942004400270 c15923d15923OSt20200606115837.0190216s9999||||xx |||||||||||||| ||und|| a8187087013 cMESKC library a891.431bSAR/K aSarathi,Acharya9162 0aKabira Khada Bazar Maen /cAcharya Sarathi bAashish Prakashan,aDelhi : a96 aHindi0 aNagendra9163 cBK2ddch891.431iSAR/Kk891.431mSAR/K